Transport properties of foods / (Record no. 14206)
[ view plain ]
| 000 -LEADER | |
|---|---|
| fixed length control field | 00644cam a22002054a 4500 |
| 003 - CONTROL NUMBER IDENTIFIER | |
| control field | OSt |
| 008 - FIXED-LENGTH DATA ELEMENTS--GENERAL INFORMATION | |
| fixed length control field | 010418s2001 nyua b 001 0 eng |
| 020 ## - INTERNATIONAL STANDARD BOOK NUMBER | |
| ISBN | 0824706137 (acidfree paper) |
| 082 00 - DEWEY DECIMAL CLASSIFICATION NUMBER | |
| Classification number | 664 |
| Item number | SAR/TR |
| 100 1# - MAIN ENTRY--AUTHOR NAME | |
| Personal name | Saravacos, George D., |
| 245 10 - TITLE STATEMENT | |
| Title | Transport properties of foods / |
| 260 ## - PUBLICATION, DISTRIBUTION, ETC. (IMPRINT) | |
| Place of publication | New York : |
| Name of publisher | Marcel Dekker, |
| Year of publication | c2001. |
| 300 ## - PHYSICAL DESCRIPTION | |
| Number of Pages | xi, 415 p. : |
| Other physical details | ill. ; |
| 490 1# - SERIES STATEMENT | |
| Series statement | Food science and technology ; |
| 650 #0 - SUBJECT ADDED ENTRY--TOPICAL TERM | |
| Topical Term | Food industry and trade. |
| 650 #0 - SUBJECT ADDED ENTRY--TOPICAL TERM | |
| Topical Term | Transport theory. |
| 700 1# - ADDED ENTRY--PERSONAL NAME | |
| Personal name | Maroulis, Zacharias B., |
| 856 42 - ELECTRONIC LOCATION AND ACCESS | |
| Uniform Resource Identifier | <a href="http://www.loc.gov/catdir/enhancements/fy0647/2001028940-d.html">http://www.loc.gov/catdir/enhancements/fy0647/2001028940-d.html</a> |
| 942 ## - ADDED ENTRY ELEMENTS (KOHA) | |
| Koha item type | Books |
| Withdrawn status | Lost status | Damaged status | Collection code | Home library | Current library | Shelving location | Date acquired | Source of acquisition | Cost, normal purchase price | Full call number | Accession Number | Koha item type |
|---|---|---|---|---|---|---|---|---|---|---|---|---|
| Reference | KAUAET | KAUAET | Reference | 04/06/2016 | U R B, TCR | 14135.10 | 664 SAR/TR | 23943 | Reference | |||
| KAUAET | KAUAET | KAU- SC Sub plan | 31/03/2022 | TBS | 14672.00 | 664 SAR/TR | 26067 | Books |
